| Tag |
First Indicator |
Second Indicator |
Subfields |
| LEADER |
00000cam a2200000 a 4500 |
| 001 |
in00002139572 |
| 006 |
m e d # |
| 007 |
cr mn mmmmabba |
| 008 |
810618s1781 pauc s 000 0 eng d |
| 005 |
20260331161543.6 |
| 035 |
|
|
|z w022087
|
| 035 |
|
|
|a MAAR8106181302B
|
| 035 |
|
|
|9 mwa91-9011
|
| 035 |
|
|
|a 317305
|
| 035 |
|
|
|a aas03022087
|
| 040 |
|
|
|a MWA
|c MWA
|e bdrb
|d UtOrBLW
|
| 100 |
1 |
|
|a Dilworth, Thomas,
|d -1780.
|
| 245 |
1 |
4 |
|a The schoolmasters assistant :
|b being a compendium of arithmetic, both practical and theoretical. In five parts. ... The whole being delivered in the most familiar way of question and answer ... To which is prefixt, an essay on the education of youth; humbly offered to the consideration of parents. /
|c By Thomas Dilworth, author of the New guide to the English tongue; Young book-keeper's assistant; &c. &c. and schoolmaster in Wapping.
|
| 264 |
|
3 |
|a Philadelphia :
|b Printed and sold by R. Aitken, bookseller, in Market-Street, three doors above the coffee-house,
|c M.DCC.LXXXI. [1781]
|
| 300 |
|
|
|a xii, 3 unnumbered pages, 16-220 pages, 1 unnumbered folded leaf :
|b 1 portrait ;
|c 17 cm. (octavo)
|
| 336 |
|
|
|a text
|b txt
|2 rdacontent
|
| 337 |
|
|
|a computer
|b c
|2 rdamedia
|
| 338 |
|
|
|a online resource
|b cr
|2 rdacarrier
|
| 500 |
|
|
|a "To Mr. Thomas Dilworth, on his compendium of arithmetic, intitled, The schoolmaster's assistant." in verse--p. [iv], signed: Moses Browne.
|
| 510 |
4 |
|
|a Evans
|c 17138
|
| 510 |
4 |
|
|a Hildeburn, C.R. Pennsylvania,
|c 4093
|
| 530 |
|
|
|a Microform version available in the Readex Early American Imprints series.
|
| 533 |
|
|
|a Electronic text and image data.
|b [Chester, Vt. :
|c Readex, a division of Newsbank, Inc.,
|d 2002-2004.
|e Includes files in TIFF, GIF and PDF formats with inclusion of keyword searchable text.
|f (Early American imprints. First series ; no. 17138).
|
| 500 |
|
|
|a Electronic resource.
|
| 600 |
1 |
0 |
|a Dilworth, Thomas,
|d -1780
|v Portraits.
|
| 650 |
|
0 |
|a Arithmetic
|v Early works to 1900.
|
| 650 |
|
0 |
|a Education.
|
| 655 |
|
7 |
|a Textbooks.
|2 rbgenr
|
| 655 |
|
7 |
|a Poems
|y 1781.
|2 rbgenr
|
| 700 |
1 |
|
|a Browne, Moses,
|d 1704-1787.
|
| 752 |
|
|
|a United States
|b Pennsylvania
|d Philadelphia.
|
| 830 |
|
0 |
|a Early American imprints.
|n Series I,
|p Evans (1639-1800) ;
|v no. 17138.
|
| 856 |
4 |
1 |
|u http://proxy.library.tamu.edu/login?url=https://opac.newsbank.com/select/evans/17138
|y Evans Digital Edition
|t 0
|
| 999 |
|
|
|a MARS
|
| 999 |
f |
f |
|s 91fbeb73-be6f-329e-a8b2-4ac73a3c1c23
|i b895260d-84e1-3538-9c75-84179c84fc0a
|t 0
|
| 952 |
f |
f |
|a Texas A&M University
|b College Station
|c Electronic Resources
|s www_evans
|d Available Online
|t 0
|h No information provided
|
| 998 |
f |
f |
|t 0
|l Available Online
|